000 00453nam a22001577a 4500
999 _c9215
_d9215
008 210330b ||||| |||| 00| 0 eng d
040 _aBMS College of Archtecture
100 _aChetan
245 _aGeneral Hospital
300 _a43p.
500 _a1BM02AT004
502 _8B.Arch
_NBMS College of Architecture, Visvesvaraya Technological University
_aProject report
_d2006
650 _aHospital
700 _aRajan Sridhar
_eGuide
942 _2ddc
_cTHE